| 000 | 00625nam a2200205Ia 4500 | ||
|---|---|---|---|
| 003 | GCL | ||
| 008 | 140319s9999 xx 000 0 ara d | ||
| 040 |
_aGCL / _cGCL |
||
| 082 | 0 | 4 |
_a327 _bد ن |
| 100 | 1 | _aدورتى، جيمس | |
| 245 | 1 | 0 |
_aالنظريات المتضاربة فى العلاقات الدولية / _cدورتى، جيمس |
| 700 | 1 | _aبالستغراف، روبرت | |
| 700 | 1 | _aوليد عبد الحى | |
| 300 | _a403 ص | ||
| 490 | _a | ||
| 650 | 0 | 4 | _aالسياسة الدولية |
| 650 | 0 | 4 | _aالعلاقات الخارجية |
| 650 | 0 | 4 | _aاتخاذ القرارات |
| 942 |
_2ddc _cBK |
||
| 999 |
_c37766 _d37766 |
||